MARC details
| 000 -CABECERA |
| campo de control de longitud fija |
01423nam a22002297a 4500 |
| 003 - IDENTIFICADOR DEL NÚMERO DE CONTROL |
| campo de control |
DO-SdBNP |
| 005 - FECHA Y HORA DE LA ÚLTIMA TRANSACCIÓN |
| campo de control |
20220509090231.0 |
| 008 - DATOS DE LONGITUD FIJA--INFORMACIÓN GENERAL |
| campo de control de longitud fija |
110301s2017 dr ac 000 0 spa d |
| 020 ## - NÚMERO INTERNACIONAL ESTÁNDAR DEL LIBRO |
| Número Internacional Estándar del Libro |
9789945597226 |
| 040 ## - FUENTE DE LA CATALOGACIÓN |
| Centro catalogador/agencia de origen |
DO-SdBNP |
| Lengua de catalogación |
spa |
| Centro/agencia transcriptor |
BNPHU |
| 082 ## - NÚMERO DE LA CLASIFICACIÓN DECIMAL DEWEY |
| Número de clasificación |
xxxx |
| Número de documento/Ítem |
xxx |
| 110 1# - ENTRADA PRINCIPAL--NOMBRE DE ENTIDAD CORPORATIVA |
| Nombre de entidad corporativa o nombre de jurisdicción como elemento de entrada |
Comisión Nacional Familia- vida |
| Unidad subordinada |
Conferencia del Episcopado Dominicano |
| 9 (RLIN) |
81567 |
| 245 10 - MENCIÓN DE TÍTULO |
| Título |
Camino hacia el matrimonio : |
| Resto del título |
catequesis de preparación al sacramento del matrimonio / |
| Mención de responsabilidad, etc. |
presentación Valentín Reynoso |
| 260 ## - PUBLICACIÓN, DISTRIBUCIÓN, ETC. |
| Lugar de publicación, distribución, etc. |
Santo Domingo : |
| Nombre del editor, distribuidor, etc. |
Comisión Nacional Familia-Vida, |
| -- |
Conferencia del episcopado dominicano, |
| Fecha de publicación, distribución, etc. |
2017. |
| 300 ## - DESCRIPCIÓN FÍSICA |
| Extensión |
126 p. : |
| Otras características físicas |
il., retr. |
| Dimensiones |
28 cm. |
| 504 ## - NOTA DE BIBLIOGRAFÍA, ETC. |
| Nota de bibliografía, etc. |
Bibliografía p: 127 |
| 505 0# - NOTA DE CONTENIDO CON FORMATO |
| Título |
Presentación -- |
| -- |
Carta a los novios -- |
| -- |
Introducción -- |
| -- |
Apertura -- |
| -- |
El matrimonio no se improvisa -- |
| -- |
Conócete a ti mismo -- |
| -- |
¿Quién eres tú para mí? -- |
| -- |
Cómo se construye una pareja -- |
| -- |
La comunicación: un estilo de vida -- |
| -- |
Valoración de la sexualidad -- |
| -- |
Ser padre y madre -- |
| -- |
El matrimonio: vocación y sacramento -- |
| -- |
Comunidad de bienes -- |
| -- |
Dejar padre y madre -- |
| -- |
La pareja en comunidad -- |
| -- |
La pareja en comunidad -- |
| -- |
Ley canónica y ley civil del matrimonio -- |
| -- |
Métodos naturales de control de la fertilidad -- |
| -- |
Celebración litúrgica del matrimonio -- |
| -- |
Apéndice / |
| 590 ## - NOTA LOCAL (RLIN) |
| Nota local |
Inventariado, 2022/ YL |
| 700 12 - PUNTO DE ACCESO ADICIONAL--NOMBRE DE PERSONA |
| Nombre de persona |
Reynoso, Valentín |
| Término indicativo de función/relación |
pres. |
| 9 (RLIN) |
81450 |
| 910 ## - DATOS DE OPCIÓN DEL USUARIO (OCLC) |
| Datos de opción del usuario |
YLockward |
| 942 ## - ELEMENTOS DE PUNTO DE ACCESO ADICIONAL (KOHA) |
| Fuente del sistema de clasificación o colocación |
Dewey Decimal Classification |
| Tipo de ítem Koha |
Libro |